Testo di Real Gone - Cars - Statistics

Statistiche generali
  • Questo quiz è stato fatto 12 volte
  • Il punteggio medio è 83 su 215
Statistiche sulle risposte
Testo % Corretto
I
100%
a
83%
American
67%
gone,
67%
gone
67%
me
67%
you
67%
You
67%
Chevrolet
58%
down,
58%
got
58%
Got
58%
I'm
58%
made,
58%
My
58%
my
58%
on
58%
real
58%
Real
58%
Slow
58%
so
58%
to
58%
To
58%
crash
50%
don't
50%
gonna
50%
in
50%
it
50%
like
50%
the
50%
Baby
42%
blast,
42%
blast
42%
born
42%
no
42%
say
42%
south
42%
was
42%
your
42%
and
33%
big
33%
Come
33%
come,
33%
For
33%
for
33%
gotta
33%
have
33%
It's
33%
Look
33%
look
33%
lookin'
33%
mouth
33%
not
33%
see
33%
Sometimes
33%
time
33%
way
33%
We
33%
When
33%
you're
33%
air
25%
blinders
25%
Bud
25%
cat
25%
Everybody's
25%
get
25%
hands
25%
Light,
25%
mama
25%
new
25%
out
25%
out,
25%
screamin'
25%
something
25%
that
25%
town
25%
babe
17%
behind
17%
But
17%
change
17%
here
17%
know
17%
long
17%
metal
17%
mind
17%
now
17%
off
17%
pedal
17%
road
17%
scared
17%
There's
17%
think
17%
were
17%
where
17%
wrong
17%
Yeah
17%
been
8%
driving
8%
friends
8%
from
8%
He's
8%
he's
8%
high
8%
him
8%
history
8%
just
8%
left
8%
paid
8%
prophecy
8%
right
8%
swell
8%
take
8%
taught
8%
this
8%
Well,
8%
well
8%
Well
8%
all
0%
changed
0%
mightily
0%
neighborhood's
0%
Payin'
0%
perpetuatin'
0%
rearranged
0%
signs
0%
somewhere
0%
Thinks
0%
Nessun quiz corrispondente trovato
Distribuzione punteggi
Percentuale di utenti per punteggio
Percentile per numero di risposta
I tuoi punteggi nel tempo
Non hai fatto questo quiz